000
00307nam a22001337a 4500
008
171106b xxu||||| |||| 00| 0 eng d
020
_a
9780072829662
041
_a
eng
080
_2
9TH
_a
330.722.6
100
_a
61
101
_a
KON
245
_a
MODERN ADVANCED ACCOUNTING
_c
LARSEN,E.J
942
_2
udc
_c
BK
999
_c
37724
_d
37724